000 00632nam a2200253Ia 4500
003 OSt
005 20221007110757.0
006 a|||||r|||| 00| 0
007 ta
008 221006b |||||||| |||| 00| 0 hin d
024 _a21,863
037 _cTextual
040 _aLCO
_cLCO
_bhin
041 _2hin
_ahin
082 _aZ2,93, P7
100 _aMishr D.N.
_9707838
245 0 _aSanvidhiyo Ka Nirvachan
250 _a3rd
260 _aAllahabad
_bAllahabad Law Agency India
_c2007
300 _a320
650 _aINTERPRETATION
942 _hZ2,93, P7
_cTEXL
999 _c1191426
_d1191426